Central Library OPAC University of Rajshahi

গল্প নয় নাটক / (Record no. 41239)

MARC details
000 -LEADER
fixed length control field 00767nam a2200229 a 4500
001 - CONTROL NUMBER
control field 41239
003 - CONTROL NUMBER IDENTIFIER
rucl marc code BD-RjUL
005 - DATE AND TIME OF LATEST TRANSACTION
control field 20211209053343.0
008 - FIXED-LENGTH DATA ELEMENTS--GENERAL INFORMATION
fixed length control field 160518s2006 bg a|||| |||| 00| d ben d
020 ## - INTERNATIONAL STANDARD BOOK NUMBER
Terms of availability Tk. 50.00
035 ## - SYSTEM CONTROL NUMBER
System control number (BD-RjUL)41356
040 ## - CATALOGING SOURCE
Original cataloging agency BD-RjUL
Language of cataloging ben
Transcribing agency BD-RjUL
Modifying agency BD-RjUL
041 ## - LANGUAGE CODE
Language code of text/sound track or separate title ben
082 ## - DEWEY DECIMAL CLASSIFICATION NUMBER
Edition number 23
Classification number 891.442
Author mark and year HAG 2006
100 ## - MAIN ENTRY--PERSONAL NAME
Personal name হক, ফজলুল
9 (RLIN) 126882
245 10 - TITLE STATEMENT
Title গল্প নয় নাটক /
Statement of responsibility, etc. ফজলুল হক
260 ## - PUBLICATION, DISTRIBUTION, ETC. (IMPRINT)
Place of publication, distribution, etc. রাজশাহী :
Name of publisher, distributor, etc. রাজশাহী সাহিত্য পরিষদ,
Date of publication, distribution, etc. ২০০৬
300 ## - PHYSICAL DESCRIPTION
Pagination ৭৪ পৃ. :
Illustrations চিত্র,
Size ২৩ সেমি.
650 ## - SUBJECT ADDED ENTRY--TOPICAL TERM
Topical term or geographic name as entry element বাংলা নাটক
9 (RLIN) 126883
Topical term or geographic name as entry element Bengali Drama
9 (RLIN) 126884
942 ## - ADDED ENTRY ELEMENTS (KOHA)
Source of classification or shelving scheme Dewey Decimal Classification
Koha item type Books
Holdings
Lost status Source of classification or shelving scheme Damaged status Not for loan Collection code Permanent Location Current Location Shelving location Date acquired Source of acquisition Cost, normal purchase price Total Checkouts Full call number Date last seen Copy number Koha item type
  Dewey Decimal Classification     Non-fiction Central Library, University of Rajshahi Central Library, University of Rajshahi   13/01/2011 Writer, Rajshahi 50.00   B 891.442 HAG 2006 18/05/2016 C-2 Books
  Dewey Decimal Classification   Not For Loan Non-fiction Central Library, University of Rajshahi Central Library, University of Rajshahi Reading Room 13/01/2011 Author, Rajshahi. 50.00   B 891.442 HAG 2006 13/02/2017 C-1 Books